000 00297nam a22001337a 4500
008 170601b xxu||||| |||| 00| 0 eng d
020 _a9780618301959
041 _aeng
080 _a94(100)
100 _a17
101 _aSHH
245 _aA HISTORY OF WORLD SOCIETIES
_cMCKAY
942 _2udc
_cBK
999 _c15417
_d15417